000 00487nam a2200193Ia 4500
005 20250603145239.0
008 250603s9999 xx 000 0 und d
020 _a9781032245645
050 _aPN 1995.9 .L37/
100 _aBrewer, Stewart
245 0 _aLatin American history goes to the movies
250 _a2nd ed.
260 _aNew York
260 _bRoutledge, Taylor & Francis Group
260 _c2024
300 _axiii, 264p.ill.
650 _aNew York
942 _cBK
999 _c41302
_d41302